| 000 | 00474nam a22001697a 4500 | ||
|---|---|---|---|
| 999 |
_c18351 _d18351 |
||
| 008 | 200724b xxu||||| |||| 00| 0 eng d | ||
| 020 | _a0521172318 | ||
| 050 |
_aHD9000.6 _b.T94 1992 c.1 |
||
| 100 | _aTyers, Rod | ||
| 245 |
_aDisarray in World Food Markets _bA quantitative Assessment |
||
| 260 |
_aNew York _bCambridge _c1992 |
||
| 300 | _axxiv, 444p. | ||
| 650 | _aFood industry and trade | ||
| 650 | _aproduce trade | ||
| 700 | _aKym Anderson | ||
| 942 |
_2lcc _cBK |
||